A computational introduction to number theory and algebra. (Record no. 7818)

MARC details
000 -LEADER
fixed length control field 00677nam a22002177a 4500
003 - CONTROL NUMBER IDENTIFIER
control field OSt
005 - DATE AND TIME OF LATEST TRANSACTION
control field 20220316115109.0
008 - FIXED-LENGTH DATA ELEMENTS--GENERAL INFORMATION
fixed length control field 220316b ||||| |||| 00| 0 eng d
020 ## - INTERNATIONAL STANDARD BOOK NUMBER
International Standard Book Number 9780521516440
040 ## - CATALOGING SOURCE
Transcribing agency DDC
082 ## - DEWEY DECIMAL CLASSIFICATION NUMBER
Classification number 512 5HO 2009
100 ## - MAIN ENTRY--PERSONAL NAME
Personal name Shoup, Victor.
9 (RLIN) 15914
245 ## - TITLE STATEMENT
Title A computational introduction to number theory and algebra.
250 ## - EDITION STATEMENT
Edition statement Second edition
260 ## - PUBLICATION, DISTRIBUTION, ETC. (IMPRINT)
Place of publication, distribution, etc. Cambridge :
Name of publisher, distributor, etc. Cambridge University Press, [2009]
Date of publication, distribution, etc. ©2009
300 ## - PHYSICAL DESCRIPTION
Extent xvii, 580 pages ;
Dimensions 25 cm
504 ## - BIBLIOGRAPHY, ETC. NOTE
Bibliography, etc Includes bibliographical references and index
650 ## - SUBJECT ADDED ENTRY--TOPICAL TERM
Topical term or geographic name as entry element Computer science -- Mathematics
9 (RLIN) 15915
650 ## - SUBJECT ADDED ENTRY--TOPICAL TERM
Topical term or geographic name as entry element Number theory.
9 (RLIN) 15916
942 ## - ADDED ENTRY ELEMENTS (KOHA)
Source of classification or shelving scheme Dewey Decimal Classification
Koha item type Open Shelf
Holdings
Withdrawn status Lost status Source of classification or shelving scheme Damaged status Not for loan Home library Current library Date acquired Source of acquisition Inventory number Total Checkouts Full call number Barcode Date last seen Price effective from Koha item type
    Dewey Decimal Classification     MUST Main Library MUST Main Library 16/03/2022 Purchase 12/36114   512 5HO 2009 2022-0454 16/03/2022 16/03/2022 Open Shelf